<?xml version="1.0" encoding="UTF-8"?>
<record
    xmlns:xsi="http://www.w3.org/2001/XMLSchema-instance"
    xsi:schemaLocation="http://www.loc.gov/MARC21/slim http://www.loc.gov/standards/marcxml/schema/MARC21slim.xsd"
    xmlns="http://www.loc.gov/MARC21/slim">

  <leader>00233nam a22000857a 4500</leader>
  <controlfield tag="001">1301084</controlfield>
  <controlfield tag="005">20260428141152.0</controlfield>
  <datafield tag="245" ind1=" " ind2=" ">
    <subfield code="a">&#x130;SLAM &#x130;LM&#x130;HAL&#x130;</subfield>
    <subfield code="c">L&#xDC;TF&#x130; &#x15E;ENT&#xDC;RK SEYFETT&#x130;N YAZICI</subfield>
  </datafield>
  <datafield tag="260" ind1=" " ind2=" ">
    <subfield code="b">D&#x130;N&#x130; YAYINLAR GENEL M&#xDC;D&#xDC;RL&#xDC;&#x11E;&#xDC;</subfield>
  </datafield>
  <datafield tag="999" ind1=" " ind2=" ">
    <subfield code="c">1301084</subfield>
    <subfield code="d">1301084</subfield>
  </datafield>
  <datafield tag="952" ind1=" " ind2=" ">
    <subfield code="0">0</subfield>
    <subfield code="1">0</subfield>
    <subfield code="2">ddc</subfield>
    <subfield code="4">0</subfield>
    <subfield code="7">0</subfield>
    <subfield code="a">1009</subfield>
    <subfield code="b">1009</subfield>
    <subfield code="d">2026-04-28</subfield>
    <subfield code="l">0</subfield>
    <subfield code="p">10091002382</subfield>
    <subfield code="r">2026-04-28 14:12:03</subfield>
    <subfield code="w">2026-04-28</subfield>
    <subfield code="y">BK</subfield>
  </datafield>
</record>
